Trouve Les Noms De Ces Planètes Dans Star Wars (2). - Statistiques

Statistiques générales
  • Ce quiz a été pris 31 fois
  • Le résultat moyen est 3 sur 16
Statistiques - réponses
Par images Réponse % Correct
Endor
64%
Geonosis
41%
Dathomir
36%
Alderaan
32%
Dagobah
32%
Exegol
27%
Yavin IV
18%
Kessel
14%
Lola Sayu
14%
Korriban
9%
Mandalore
5%
Mygeeto
5%
Caamas
0%
Dromund Kaas
0%
Kiros
0%
Ossus
0%
Aucun quiz correspondant
Distribution des résultats
% des personnes avec chaque résultat
Percentile par nombre de réponses
Votre historique - résultats
Vous n’avez pas pris ce quiz